¡Ave María purísima, eso fue que bajó el encanto del Caquinal! (Registro nro. 18755)

Detalles MARC
000 -CABECERA
Campo de control 01266nam a2200313 4500
005 - FECHA Y HORA DE LA ULTIMA TRANSACCION
Campo de control 20200104041746.0
008 - ELEMENTOS DE LONGITUD FIJA—INFORMACION GENERAL
Campo de control 160601s2015 ck a||||r|||| 00| 0 spa d
020 ## - ISBN
ISBN 9789589365823
040 ## - FUENTE DE CATALOGACIÓN
Agencia catalogadora original CO-BoIAVH
Agencia transcriptora CO-BoIAVH
041 0# - IDIOMA
Código de idioma para texto/pista de sonido o título separado Español
044 ## - PAÍS DE PUBLICACIÓN
País de publicación Colombia
082 04 - NUMERO DE CLASIFICACION DECIMAL DEWEY
Número de clasificación 577.38071
Número del ítem P98a8
100 1# - ASIENTO PRINCIPAL--NOMBRE PERSONAL
Nombre personal Baquero, Gabriel
Término relacionado autor
9 (RLIN) 71163
245 11 - MENCION DE TITULO
Título ¡Ave María purísima, eso fue que bajó el encanto del Caquinal!
Mención de responsabilidad Gabriel Baquero [y otros 4]
260 ## - PUBLICACION, DISTRIBUCION, ETC. (PIE DE IMPRENTA)
Lugar de publicación, distribución, etc. Bogotá :
Nombre del editor, distribuidor, etc. Tropenbos Internacional Colombia :
-- UICN Sur,
Fecha de publicación, distribución, etc. 2015.
300 ## - DESCRIPCION FISICA
Extensión 34 páginas :
Otros detalles físicos ilustraciones (algunas a color) ;
Dimensiones 16 x 22 cm.
500 ## - NOTA GENERAL
Nota general Proyecto comunidades de los páramos, fortaleciendo las capacidades y la coordinación para la adaptación a los efectos del cambio climático.<br/>
504 ## - NOTA DE BIBLIOGRAFIA, ETC.
Nota de bibliografía Incluye referencias bibliográficas.
650 16 - ASIENTO SECUNDARIO DE MATERIA - TERMINO TEMATICO
Término temático o nombre geográfico como elemento de entrada Comunidades rurales
9 (RLIN) 95945
650 26 - ASIENTO SECUNDARIO DE MATERIA - TERMINO TEMATICO
Término temático o nombre geográfico como elemento de entrada Educación ambiental
9 (RLIN) 162
650 26 - ASIENTO SECUNDARIO DE MATERIA - TERMINO TEMATICO
Término temático o nombre geográfico como elemento de entrada Sociología rural
9 (RLIN) 70962
650 26 - ASIENTO SECUNDARIO DE MATERIA - TERMINO TEMATICO
Término temático o nombre geográfico como elemento de entrada Ecología humana
9 (RLIN) 71179
662 ## - ASIENTO SECUNDARIO DE MATERIA - JERARQUIA DEL NOMBRE DE LUGAR(
País o entidad mayor Colombia
Jurisdicción política de primer orden Páramo de Chingaza
Jurisdicción política intermedia quebrada Caquinal
700 1# - ASIENTO SECUNDARIO - NOMBRE PERSONAL
Nombre personal Cuellar, Carlos Ariel
Término de relación autor
9 (RLIN) 71167
700 1# - ASIENTO SECUNDARIO - NOMBRE PERSONAL
Nombre personal Cuellar, Isidro
Término de relación autor
9 (RLIN) 71168
700 1# - ASIENTO SECUNDARIO - NOMBRE PERSONAL
Nombre personal Rodríguez, Antonio
Término de relación autor
9 (RLIN) 71169
700 1# - ASIENTO SECUNDARIO - NOMBRE PERSONAL
Nombre personal Cuellar, Alfredo
Término de relación autor
9 (RLIN) 71170
942 ## - ELEMENTOS ADICIONALES (KOHA)
Sistema de clasificación Dewey Decimal Classification
Tipo de ítem Libro
Existencias
Withdrawn status Lost status Sistema de Clasificación Damaged status No para préstamo Colección Inventariado Ubicación Permanente Ubicación actual Fecha de adquisición Fuente de Valor Valor Total Checkouts Número topográfico Inventario / Código de Barras Date last seen Date checked out Ejemplar Price effective from Forma de adquisición Tipo de material
    Dewey Decimal Classification     General Inventariado 2017 Bogotá Bogotá 01/06/2016 Instituto 39000.00 1 LB-577.38071 P98a8 040399 16/09/2019 16/09/2019 Ej. 1 01/06/2016 Donación Libro
    Dewey Decimal Classification     General   Bogotá Bogotá 13/11/2019       LB-577.38071 P98a8 043791 13/11/2019   Ej.3 13/11/2019 Donación Libro
    Dewey Decimal Classification     General Inventariado 2017 Sala Fabio Quevedo Sala Fabio Quevedo 01/06/2016 Instituto 39000.00   LB-577.38071 P98a8 040400 01/06/2016   Ej. 2 01/06/2016 Donación Libro